000 00385nam a2200157Ia 4500
008 221030s9999 xx 000 0 und d
020 _a8170296188
041 _aEnglish
082 _a105.23
_bBPB
100 _aBPB
245 0 _aTower`s International MOS power & other Fet Selector
_cby BPB
260 _bBPB Pub
_aNew Delhi
_c1988
300 _a139
650 _aGeneral
942 _cBK
999 _c644
_d644